Counselling Psychology (Record no. 1678421)

MARC details
000 -LEADER
fixed length control field 00290 a2200121 4500
000 - LEADER
fixed length control field nam a22 7a 4500
005 - DATE AND TIME OF LATEST TRANSACTION
control field 20260130123218.0
020 ## - INTERNATIONAL STANDARD BOOK NUMBER
International Standard Book Number 9781836594734
100 ## - MAIN ENTRY--PERSONAL NAME
Personal name Marissa Carter
9 (RLIN) 1112948
245 ## - TITLE STATEMENT
Title Counselling Psychology
260 ## - PUBLICATION, DISTRIBUTION, ETC.
Name of publisher, distributor, etc. Edtech Press
Date of publication, distribution, etc. 2026
942 ## - ADDED ENTRY ELEMENTS (KOHA)
Koha item type Textual
Holdings
Withdrawn status Lost status Source of classification or shelving scheme Damaged status Not for loan Home library Current library Date acquired Source of acquisition Cost, normal purchase price Inventory number Total Checkouts Barcode Date last seen Cost, replacement price Price effective from Koha item type
    Colon Classification (CC)   Ordered South Campus Library South Campus Library 2026-01-30 121 16189.82 IN-00014 & 18/12/2025   SC1691660 2026-01-30 20237.28 2026-01-30 Textual
Copyright @ Delhi University Library System